NLSUI OPAC header image

Edmund Spenser : (Record no. 115008)

MARC details
000 -LEADER
fixed length control field 00899cam a22002174a 4500
003 - CONTROL NUMBER IDENTIFIER
control field OSt
005 - DATE AND TIME OF LATEST TRANSACTION
control field 20260601172803.0
008 - FIXED-LENGTH DATA ELEMENTS--GENERAL INFORMATION
fixed length control field 081021s2009 enka b 001 0 eng
020 ## - INTERNATIONAL STANDARD BOOK NUMBER
International Standard Book Number 9780198703006 (pbk.)
082 00 - DEWEY DECIMAL CLASSIFICATION NUMBER
Classification number 821.3 HAD
100 ## - MAIN ENTRY--PERSONAL NAME
Personal name Hadfield, Andrew
245 00 - TITLE STATEMENT
Title Edmund Spenser :
Remainder of title a life /
Statement of responsibility, etc. Hadfield Andrew.
260 ## - PUBLICATION, DISTRIBUTION, ETC.
Place of publication, distribution, etc. Oxford :
Name of publisher, distributor, etc. Oxford University Press,
Date of publication, distribution, etc. 2014.
300 ## - PHYSICAL DESCRIPTION
Extent xxi, 624 p. :
Other physical details ill. ;
Dimensions 24 cm.
365 ## - TRADE PRICE
Price amount RS. 1409.00
505 ## - Contents
Contents Introduction: Writing the Life ; <br/>1. Origins and Childhood ; <br/>2. Spenser goes to College ; <br/>3. Lost Years ; <br/>4. Annus Mirabilis ; <br/>5. To Ireland I ; <br/>6. Spenser's Castle ; <br/>7. Back to England ; <br/>8. 1591 ; <br/>9. More Lost Years and Second Marriage (1592-5) ; <br/>10. Return to London, 1596-7 ;<br/>11. Last Years, 1597-9.
650 ## - SUBJECT ADDED ENTRY--TOPICAL TERM
Topical term or geographic name entry element Life
650 ## - SUBJECT ADDED ENTRY--TOPICAL TERM
Topical term or geographic name entry element Origins -- childhood
650 ## - SUBJECT ADDED ENTRY--TOPICAL TERM
Topical term or geographic name entry element Spenser's castle.
942 ## - ADDED ENTRY ELEMENTS (KOHA)
Source of classification or shelving scheme Dewey Decimal Classification
Koha item type BOOKs
Holdings
Withdrawn status Lost status Source of classification or shelving scheme Materials specified (bound volume or other part) Damaged status Not for loan Home library Current library Shelving location Date acquired Source of acquisition Cost, normal purchase price Total Checkouts Full call number Barcode Date last seen Price effective from Koha item type
    Dewey Decimal Classification PB     NLS NLS General Stacks 14/08/2018 Purchased 1409.00   821.3 HAD 36380 14/08/2019 14/08/2019 BOOKs